Los Tests : manual de técnicas de exploración psicológica / Béla Székely manual de técnicas de exploración psicológica / Béla Székely
Descripción Física:
3 v. ; 21 cm
Materias:
Tests psicològics
MARC
| LEADER | 00000nam a2200000Ia 4500 | ||
|---|---|---|---|
| 001 | 17261, 17262, 17263 | ||
| 008 | 160829s1960 xx 000 0 cat d | ||
| 080 | |a E-1-242 , E-1-243 , E-1-244 | ||
| 100 | |a Székely, Béla |9 37743 | ||
| 245 | |a Los Tests : |b manual de técnicas de exploración psicológica / Béla Székely | ||
| 250 | |a 4a ed., act. y ampl. | ||
| 260 | |a Buenos Aires : |b Kapelusz, |c 1960 | ||
| 300 | |a 3 v. ; |c 21 cm | ||
| 590 | |a Prové de l'Institut de Psicologia Aplicada | ||
| 650 | |a Tests psicològics |9 23226 | ||
| 901 | |a Arxiu | ||
| 942 | |n 1 | ||
| 952 | |0 0 |1 0 |4 0 |6 E1242__E1243__E1244 |7 1 |9 48040 |a Arxiu |b Arxiu |d 2016-12-01 |l 0 |o E-1-242 , E-1-243 , E-1-244 |p 17261, 17262, 17263 |r 2016-12-01 00:00:00 |w 2016-12-01 |y ARXIU | ||
| 999 | |c 51841 |d 51841 | ||